Top 100 Highest Rated Songs of 2018 - Statistics

General Stats
  • This quiz has been taken 12 times
  • The average score is 10 of 100
Answer Stats
# Artist Rating Song % Correct
14 Kanye West feat. PARTYNEXTDOOR 96 Ghost Town
57%
81 Travis Scott feat. Drake 93 SICKO MODE
57%
61 Kali Uchis feat. Tyler, The Creator and Bootsy Collins 93 After the Storm
43%
28 Lil Wayne feat. Kendrick Lamar 96 Mona Lisa
43%
86 Mitski 93 Nobody
43%
96 JID 93 151 Rum
29%
63 KIDS SEE GHOSTS feat. Louis Prima 93 4th Dimension
29%
11 Matt Maltese 96 As the World Caves In
29%
8 Car Seat Headrest 97 Bodys
29%
88 KIDS SEE GHOSTS 93 Cudi Montage
29%
2 Sufjan Stevens 97 Mystery of Love
29%
10 Lucy Dacus 97 Night Shift
29%
70 JPEGMAFIA feat. Yung Midpack 93 Rainbow Six
29%
33 KIDS SEE GHOSTS 95 Reborn
29%
65 Playboi Carti 93 R.I.P.
29%
18 Mac Miller 96 Self Care
29%
24 Car Seat Headrest 96 Sober to Death
29%
55 Kero Kero Bonito 94 Swimming
29%
83 JPEGMAFIA 93 Thug Tears
29%
92 Kanye West 93 Violent Crimes
29%
25 JPEGMAFIA 96 1539 N. Calvert
14%
89 Mac Miller 93 2009
14%
20 JPEGMAFIA 96 Baby I'm Bleeding
14%
1 Car Seat Headrest 97 Beach Life-In-Death
14%
99 Saba feat. theMIND 93 BUSY / SIRENS
14%
37 Blood Orange 95 Charcoal Baby
14%
76 twenty one pilots 93 Chlorine
14%
45 Car Seat Headrest 94 Cute Thing
14%
16 The Alchemist feat. Earl Sweatshirt 96 E. Coli
14%
58 SOPHIE 94 Faceshopping
14%
78 Let's Eat Grandma 93 Hot Pink
14%
90 Pusha T 93 If You Know You Know
14%
51 SOPHIE 94 Immaterial
14%
48 twenty one pilots 94 Jumpsuit
14%
32 Lana Del Rey 95 Mariners Apartment Complex
14%
4 Saba 97 PROM / KING
14%
94 JPEGMAFIA 93 Real Nega
14%
36 Hermit and the Recluse 95 Sirens
14%
69 Denzel Curry feat. JID 93 SIRENS | Z1RENZ
14%
68 Haley Heynderickx 93 The Bug Collector
14%
40 Denzel Curry ft. JPEGMAFIA and ZillaKami 94 VENGEANCE | VENGEANCE
14%
34 Sufjan Stevens 95 Visions of Gideon
14%
66 City Morgue 93 33rd Blakk Glass
0%
3 Benny the Butcher 97 '97 Hov
0%
7 Mid Air Thief 97 Ahhhh, These Chains!
0%
57 Ichiko Aoba 94 A Hill of the Moon
0%
38 Benny the Butcher feat. Conway the Machine 95 All 70
0%
43 Parquet Courts 94 Almost Had to Start a Fight / In and Out of Patience
0%
30 Molchat Doma 95 Bedpan (Boris Ryzhy)
0%
71 Denzel Curry ft. Twelve'len and GoldLink 93 BLACK BALLOONS | 13LACK 13ALLOONZ
0%
74 Death Grips 93 Black Paint
0%
17 IDLES 96 Colossus
0%
100 Mac Miller 93 Come Back To Earth
0%
52 EDEN 94 crash
0%
97 Kali Uchis 93 Dead To Me
0%
27 Death Grips 96 Death Grips Is Online
0%
13 Architects 96 Doomsday
0%
98 Westside Gunn 93 Elizabeth
0%
53 Let's Eat Grandma 94 Falling Into Me
0%
15 Car Seat Headrest 96 Famous Prophets (Stars)
0%
77 Daughters 93 Guest House
0%
93 Architects 93 Hereafter
0%
47 Car Seat Headrest 94 High to Death
0%
41 LOONA 94 Hi High
0%
64 Robyn 93 Honey
0%
85 Dayglow 93 Hot Rod
0%
19 EDEN 96 icarus
0%
73 Against All Logic 93 I Never Dream
0%
12 Lena Raine 96 In the Mirror
0%
6 Benny the Butcher 97 Joe Pesci 38
0%
56 Beach House 94 Lemon Glow
0%
80 George Clanton 93 Livin' Loose
0%
84 Kero Kero Bonito 93 Make Believe
0%
46 George Clanton 94 Make it Forever
0%
91 Janelle Monáe 93 Make Me Feel
0%
67 Car Seat Headrest 93 My Boy (Twin Fantasy)
0%
23 IDLES 96 Never Fight a Man with a Perm
0%
79 Yves Tumor 93 Noid
0%
35 Kero kero Bonito 95 Only Acting
0%
22 Jack White 96 Over and Over and Over
0%
49 U.S. Girls 94 Pearly Gates
0%
87 ROSALÍA 93 PIENSO EN TU MIRÁ (Cap.3: Celos)
0%
39 Jack Stauber 94 Pizza Boy
0%
9 Lena Raine 97 Reach for the Summita
0%
21 Lena Raine 96 Resurrections
0%
62 Benny the Butcher 93 Rubber Bands & Weight
0%
75 Daughters 93 Satan In The Wait
0%
5 Lena Raine 97 Scattered and Lost
0%
95 City Morgue 93 SHINNERS13
0%
29 Joji 95 SLOW DANCING IN THE DARK
0%
72 Against All Logic 93 Some Kind of Game
0%
26 Anna von Hausswolff 96 The Mysterious Vanishing of Electra
0%
44 Anna von Hausswolff 94 The Truth, The Glow, The Fall
0%
31 Against All Logic 95 This Old House is All I Have
0%
42 Parquet Courts 94 Total Football
0%
59 Car Seat Headrest 94 Twin Fantasy (Those Boys)
0%
60 Anna von Hausswolff 94 Ugly and Vengefui
0%
50 TWICE 94 What is Love
0%
82 Mid Air Thief 93 Why?
0%
54 Tropical Fuck Storm 94 You Let My Tyres Down
0%
No matching quizzes found
Score Distribution
Percent of People with Each Score
Percentile by Number Answered
Your Score History
You have not taken this quiz